ბათუმის შოთა რუსთაველის სახელმწიფო უნივერსიტეტის ბიბლიოთეკა

Уравнения и неравенства. (ბიბ.ჩანაწერი № 38848)

000 -LEADER
fixed length control field 00639nam a2200205Ia 4500
001 - CONTROL NUMBER
control field 5258
003 - CONTROL NUMBER IDENTIFIER
control field GE_BSU
008 - FIXED-LENGTH DATA ELEMENTS--GENERAL INFORMATION
fixed length control field 181216s||||||||xx |||||||||||||| ||und||
040 ## - CATALOGING SOURCE
Transcribing agency GE_BSU
080 ## - UNIVERSAL DECIMAL CLASSIFICATION NUMBER
Universal Decimal Classification number 512.12
100 ## - MAIN ENTRY--PERSONAL NAME
Personal name Башмаков М.И.
245 ## - TITLE STATEMENT
Title Уравнения и неравенства.
245 ## - TITLE STATEMENT
Statement of responsibility, etc. Ред. серии И. М. Гельфанд.
260 ## - PUBLICATION, DISTRIBUTION, ETC.
Name of publisher, distributor, etc. Наука Гл. ред. физ-матлит-ры
260 ## - PUBLICATION, DISTRIBUTION, ETC.
Date of publication, distribution, etc. 1971.
300 ## - PHYSICAL DESCRIPTION
Extent 93с.20 см.
300 ## - PHYSICAL DESCRIPTION
Accompanying material биб.физико-математической школы. Вып.5
653 ## - INDEX TERM--UNCONTROLLED
Uncontrolled term Уравнения и неравенства.
942 ## - ADDED ENTRY ELEMENTS (KOHA)
Koha item type წიგნი
ეგზემპლარები
Withdrawn status Lost status Damaged status Not for loan Date acquired Barcode Date last seen Price effective from Koha item type
        2018-12-17 16108 2018-12-17 2018-12-17 წიგნი
        2018-12-17 15849 2018-12-17 2018-12-17 წიგნი